Statistiques concernant Les featurings de Gims

Cliquez ici pour prendre le quiz!

Statistiques générales

  • Ce quiz a été pris 96 fois
  • Le résultat moyen est 23 sur 80

Statistiques - réponses

DépartementArtisteSons% Correct
93DadjuOutsider (2013), Sans retro (2015), Ma fierté (2017), Par amour (2017), Bella ciao (2018), Tu ne le vois pas (2018), BELLE (2020)
88%
91NiskaSapés comme jamais (2015), Elle avait son djo (2016)
87%
UnknownVitaaGame Over (2013), Bella ciao (2018), Hasta la vista (2019), PRENDS MA MAIN (2021)
87%
13JulBoucan (2016), GJS (2020), Les galactiques (2021), Blindé comme un tank (2021)
82%
75Black MÇa décoiffe (2013), Cesar (2021)
72%
13NapsENFANTS DE LA PATRIE (2021), Best Life (2021), Les galactiques (2021)
64%
UnknownVianneyLa même (2018)
63%
13SCHBaden Baden (2019), GJS (2020)
61%
93KaarisGROSSE BLETA (2020), 1er cœur (2020), Les galactiques (2021)
60%
93SofianeLoup garou (2018), Guerilla Remix (2018), Arafricain (2018)
60%
77SlimaneBella ciao (2018), Hasta la vista (2019), BELLE (2020)
55%
ALGSoolkingGuerilla Remix (2018), APRÈS-VOUS MADAME (2022)
53%
75LefaLongue vie (2015)
51%
13SopranoDe Marseille à Paris (2013)
49%
13AlonzoDans son sac (2014), Sapés comme jamais Remix (2016), Ma fierté (2017), Rolling Stones (2019), Les galactiques (2021)
48%
92BoobaLongueur d'avance (2013)
47%
93GazoORO JACKSON (2020)
46%
75MaskaOù est ton arme (2013), Prie pour moi (2014)
46%
94LacrimPetit jaloux (2015), Ce soir ne sors pas (2017)
43%
UnknownMalumaHola Señorita Robin Schulz Remix (2019), SI TE LLAMO (2022)
42%
61OrelsanChristophe (2017)
42%
UnknownSiaJe te pardonne (2015)
40%
UnknownDryOne Shot (2013)
39%
41NiroCeci n'est pas du rap (2019), Paye (2020)
39%
93Heuss L'enfoiréSICARIO (2020)
36%
UnknownKendji GiracDernier métro (2020)
35%
93MaesMalembé (2023)
35%
75NekfeuC'EST QUOI L'DEL (2020)
34%
UnknownShin SekaïÇa marche (2013), Un sourire (2016)
34%
USLil WayneCorazón (2018)
33%
ESPMoradSEYA (2022)
30%
93ValdJETEZ PAS L'OEIL (2020)
30%
75Barack AdamaContradiction (2015), T'epauler (2020)
29%
75LetoCÔTÉ NOIR (2020)
29%
75H MagnumFreedom (2013), Number One (2015), Pourquoi tu m'en veux? (2016), Medusa (2021)
28%
59GradurSapés comme jamais Remix (2016), Rolling Stones (2019)
25%
75Jr O CromÇa décoiffe (2013), Close Your Eyes (2013), Uzi (2015)
25%
60NazaÇA FAIT MAL (2020)
25%
13TaycTE AMO (2022)
25%
UnknownBedjikOutsider (2013), De Marseille à Paris (2013), Tu m'as dit (2018), Blindé comme un tank (2021)
23%
13Soso ManessToute la noche (2021), Les galactiques (2021)
23%
USPitbullPas touché (2013)
22%
UnknownDr. BerizLaisse tomber (2013), De Marseille à Paris (2013)
20%
USFrench MontanaCorazón (2018)
20%
78BoshPENDEJO (2020)
19%
75MHDAppelez la police (2018)
19%
UnknownDhurata DoraONLY YOU (2020)
18%
60KeBlackSapés comme jamais Remix (2016)
18%
93/94RohffLes galactiques (2021)
18%
UnknownOzunaMIRAGE (2023)
17%
UnknownInsolentLaisse tomber (2013), Richard Mille (2015), DÉVOILÉ (2020)
16%
UnknownCharly BellBavon (2013)
14%
UnknownDjuna FamilyMayweather (2015), Zoum Zoum (2016)
14%
93Mac TyerLaisse moi te dire (2015)
14%
UnknownSuper SakoMi Gna (2018)
14%
UnknownCarla BruniDEMAIN (2022)
13%
UnknownXgangsOutsider (2013)
13%
94DoomamsUzi (2015)
12%
UnknownNaestroBella ciao (2018)
12%
93Imen EsJ'ai fait semblant (2020)
11%
UnknownHaykoMi Gna (2018)
10%
UnknownJohn MamannTu la regardes (2017)
10%
13HouariBlindé comme un tank (2021)
8%
UnknownAwa ImaniSapés comme jamais Remix (2016)
7%
UnknownJaekersDANS MA TÊTE (2020)
7%
UnknownLaurent TwinsAngelina (2015)
7%
UnknownRayvannySEÑORITA (2020)
7%
UnknownMohamed RamadanC'EST FINI (2020)
6%
UnknownRoyaFighting For 2 (2016)
6%
ITASfera EbbastaMIRAGE (2023)
6%
UnknownICEBlindé comme un tank (2021)
5%
UnknownNénéBlindé comme un tank (2021)
5%
13SAFBlindé comme un tank (2021)
4%
UnknownShirin DavidON OFF (2019)
4%
UnknownSting & ShaggyGotta Get Back My Baby (2018)
4%
13MoubarakBlindé comme un tank (2021)
2%
UnknownRicky RichSay Oui (2021)
2%
UnknownShanizÀ contre sens (2014)
2%
UnknownNavid ZardiPOZ (2021)
1%
UnknownLill HumbleGet By (2019)
0%

Distribution des résultats

Percentile par nombre de réponses

% des personnes avec chaque résultat

Votre développement - résultats

Vous n’avez pas pris ce quiz